Tilastot visalle Rallin MM-sarjan osakilpailut

Klikkaa tästä pelataksesi tätä visaa!

Yleistilastot

  • Tätä visaa on pelattu 28 kertaa
  • Keskiarvotulos 31 / 44

Vastaustilastot

MaanosaValtio / alue1. kerran
mukana
% Oikein
EurooppaRuotsi
1973
100%
OseaniaAustralia
1978
89%
Etelä-AmerikkaChile
2019
89%
AasiaJapani2004
89%
EurooppaKeski-Eurooppa
(Itävalta, Tšekki & Saksa)
2023
89%
EurooppaMonte Carlo
(Monaco & Ranska)
1973
89%
AfrikkaSafari-ralli
(Kenia)
1973
89%
EurooppaViro2020
89%
EurooppaPuola
1973
89%
EurooppaSaksa2002
89%
OseaniaUusi-Seelanti1977
89%
EurooppaAkropolis-ralli
(Kreikka)
1973
84%
Pohjois-AmerikkaMeksiko2004
84%
EurooppaSuomi (Jyväskylä)1973
84%
Pohjois-AmerikkaKanada (Quebec)1977
84%
Pohjois-AmerikkaOlympus-ralli
(Washington, Yhdysvallat)
1986
84%
Pohjois-AmerikkaPress-on-Regardless Rally
(Detroit, Yhdysvallat)
1973
84%
Pohjois-AmerikkaRideau Lakes -ralli
(Ontario, Kanada)
1974
84%
EurooppaWales1973
84%
Etelä-AmerikkaArgentiina
1980
79%
EurooppaPortugali1973
79%
br-cBrasilia1981
79%
Eurooppa
Ranska (Alsace)
2010
79%
AasiaKiina1999
79%
Eurooppa
Tour de France Automobile
(Ranska)
1978
74%
EurooppaKatalonia
(Espanja)
1978
74%
EurooppaKorsika
(Ranska)
1973
74%
EurooppaNorja2007
74%
EurooppaYpres-ralli
(Belgia)
2021
74%
EurooppaIrlanti2007
63%
AasiaTurkki2003
63%
EurooppaKroatia2021
58%
EurooppaItävalta1973
58%
EurooppaArctic Lapland Rally
(Suomi)
2021
53%
AasiaIndonesia1996
53%
EurooppaSkotlanti1978
53%
EurooppaSardinia
(Italia)
2004
47%
AasiaKypros1999
47%
AfrikkaMarokko1973
47%
AasiaJordania
2008
37%
EurooppaBulgaria
2010
32%
AfrikkaBandama-ralli
(Norsunluurannikko)
1978
26%
EurooppaMonza
(Italia)
2020
26%
EurooppaSanremo
(Italia)
1973
21%

Tulosjakauma

Persentiili vastausten määrän mukaan

Jokaisen tuloksen saaneiden osuus

Tuloshistoriasi

Et ole pelannut tätä visaa